[Event "Titled Tue 17th Jun Early"]
[Site "chess.com INT"]
[Date "2025.06.17"]
[Round "8"]
[White "Stanojevic, Ilija"]
[Black "Deveci, Huseyin Said"]
[Result "1-0"]
[WhiteTitle "FM"]
[BlackTitle "CM"]
[WhiteElo "2189"]
[BlackElo "2212"]
[WhiteFideId "959995"]
[BlackFideId "26322455"]
[EventDate "2025.06.17"]

1. e4 c5 2. Nf3 g6 3. c3 d5 4. exd5 Qxd5 5. d4 Nc6 6. Be2 Nf6 7. O-O cxd4 8.
cxd4 Bg4 9. Nc3 Qa5 10. d5 Bxf3 11. Bxf3 Ne5 12. Re1 Nxf3+ 13. Qxf3 Bg7 14. Bg5
Kf8 15. Rxe7 Kxe7 16. Re1+ Kf8 17. Bxf6 Qb6 18. d6 Qxd6 19. Be7+ Qxe7 20. Rxe7
Kxe7 21. Qxb7+ Ke6 22. Qc6+ Kf5 23. Qd7+ Kf6 24. f4 g5 25. Ne4+ Kg6 26. f5+ Kh6
27. Qd3 g4 28. Qe3+ Kh5 29. Qg5# 1-0

[Event "Titled Tue 17th Jun Early"]
[Site "chess.com INT"]
[Date "2025.06.17"]
[Round "8"]
[White "Esipenko, Andrey"]
[Black "Weetik, Vjacheslav"]
[Result "1-0"]
[WhiteTitle "GM"]
[BlackTitle "FM"]
[WhiteElo "2689"]
[BlackElo "2423"]
[WhiteFideId "24175439"]
[BlackFideId "4153472"]
[EventDate "2025.06.17"]

1. b3 d5 2. Bb2 Bg4 3. f3 Bh5 4. e4 dxe4 5. Qe2 c6 6. Nc3 exf3 7. Nxf3 e6 8.
O-O-O Qa5 9. Kb1 Ba3 10. Ba1 Nf6 11. h3 Na6 12. g4 Bg6 13. Ne5 Nb4 14. d3 Nbd5
15. Nxd5 Nxd5 16. Nc4 Qa6 17. Nxa3 Qxa3 18. Bxg7 Rg8 19. Bb2 Qa5 20. Qe5 Qb6 21.
Bg2 O-O-O 22. Rhe1 Qf2 23. Re2 Qf4 24. Rf1 Qxe5 25. Bxe5 h5 26. Bf3 hxg4 27.
hxg4 Rge8 28. Kb2 f6 29. Bxd5 exd5 30. Rxf6 Re7 31. Rxg6 1-0

[Event "Titled Tue 17th Jun Early"]
[Site "chess.com INT"]
[Date "2025.06.17"]
[Round "8"]
[White "Martic, Ivan SRB"]
[Black "Gong, Qianyun"]
[Result "1-0"]
[WhiteTitle "FM"]
[BlackTitle "WGM"]
[WhiteElo "2270"]
[BlackElo "2228"]
[WhiteFideId "929301"]
[BlackFideId "8602425"]
[EventDate "2025.06.17"]

1. e4 c5 2. Nf3 Nc6 3. d4 cxd4 4. Nxd4 Nf6 5. Nc3 e5 6. Ndb5 d6 7. Bg5 a6 8. Na3
b5 9. Nd5 Be7 10. Bxf6 Bxf6 11. c4 b4 12. Nc2 O-O 13. g3 Rb8 14. h4 Be7 15. Bh3
f5 16. exf5 Bxf5 17. Bxf5 Rxf5 18. Nde3 Rf7 19. O-O b3 20. axb3 Rxb3 21. Rxa6
Qc8 22. Ra2 e4 23. Qd5 Ne5 24. Ra8 Rb8 25. Rfa1 Bf8 26. Rxb8 Qxb8 27. Ra8 Qxb2
28. Nf5 Nf3+ 29. Kg2 Qxc2 30. Ne7+ Kh8 31. Qxf7 1-0

[Event "Titled Tue 17th Jun Early"]
[Site "chess.com INT"]
[Date "2025.06.17"]
[Round "8"]
[White "Jammalamadaka, Vihaan"]
[Black "Emujin Enkh-Amgalan"]
[Result "1-0"]
[WhiteTitle "CM"]
[BlackTitle "WCM"]
[WhiteElo "2018"]
[BlackElo "2022"]
[WhiteFideId "30977134"]
[BlackFideId "4908023"]
[EventDate "2025.06.17"]

1. Nf3 d5 2. g3 c5 3. Bg2 Nc6 4. d4 cxd4 5. Nxd4 Nf6 6. c4 e5 7. Nxc6 bxc6 8.
O-O Bc5 9. cxd5 cxd5 10. Nc3 Be6 11. Bg5 e4 12. Qa4+ Qd7 13. Bxf6 gxf6 14. Rad1
Qxa4 15. Nxa4 Be7 16. Nc3 Rd8 17. Nb5 Bc5 18. e3 Ke7 19. Nd4 Bd7 20. a3 a5 21.
Ne2 Bb5 22. Rfe1 Bc4 23. Nc3 f5 24. Rc1 Rc8 25. Red1 Rhd8 26. Bf1 Bb3 27. Rd2 d4
28. exd4 Bxd4 29. Ne2 Bxf2+ 30. Kxf2 Rxc1 31. Rxd8 Rxf1+ 32. Kxf1 Kxd8 33. Nd4
Be6 34. Nc6+ Kc7 35. Nxa5 Kb6 36. b4 Kb5 37. Kf2 Ka4 38. Nc6 Kxa3 39. b5 Ka4 40.
b6 Bc8 41. Nd8 Kb5 42. b7 Bxb7 43. Nxb7 Kc4 44. Ke3 Kd5 45. Nd8 f6 46. Nf7 Ke6
47. Nh6 Ke5 48. h4 Ke6 49. Kf4 1-0

[Event "Titled Tue 17th Jun Early"]
[Site "chess.com INT"]
[Date "2025.06.17"]
[Round "8"]
[White "Tuguldur, Soninbayar"]
[Black "Rustemov, Alexander"]
[Result "0-1"]
[WhiteTitle "CM"]
[BlackTitle "GM"]
[WhiteElo "2120"]
[BlackElo "2525"]
[WhiteFideId "4921224"]
[BlackFideId "4119002"]
[EventDate "2025.06.17"]

1. d4 d5 2. Bf4 Nf6 3. e3 c5 4. dxc5 Nc6 5. Bb5 e6 6. b4 a5 7. c3 Bd7 8. Bxc6
Bxc6 9. Qb3 axb4 10. cxb4 d4 11. Nf3 dxe3 12. Bxe3 Ba4 13. Nbd2 Bxb3 14. Nxb3
Qd3 15. Rd1 Qc4 16. Rc1 Qxb4+ 17. Bd2 Qb5 18. Nfd4 Qa6 19. c6 Bd6 20. cxb7 Qxb7
21. O-O O-O 22. Na5 Qd5 23. Ndb3 Rfc8 24. Rcd1 Qf5 25. Be3 Bb4 26. Nb7 Rxa2 27.
Nd6 Bxd6 28. Rxd6 h6 29. Nd4 Qe5 30. Rb6 Ng4 31. Nf3 Qc7 32. Rb3 Nxe3 33. Rxe3
Rc2 34. Ree1 g6 35. h3 Kg7 36. Rd1 Qc5 37. Rde1 Ra8 38. Re3 Raa2 39. Re5 Qb6 40.
Re4 Rxf2 0-1

[Event "Titled Tue 17th Jun Early"]
[Site "chess.com INT"]
[Date "2025.06.17"]
[Round "8"]
[White "Chiang, Jacob"]
[Black "Iskusnyh, Sergei"]
[Result "0-1"]
[BlackTitle "GM"]
[WhiteElo "2006"]
[BlackElo "2440"]
[WhiteFideId "30962331"]
[BlackFideId "4120027"]
[EventDate "2025.06.17"]

1. Nf3 d5 2. c4 c6 3. g3 Nf6 4. Bg2 Bf5 5. O-O e6 6. d4 Be7 7. Nc3 h6 8. b3 Nbd7
9. Bb2 O-O 10. Qd2 Ne4 11. Nxe4 Bxe4 12. a3 a5 13. c5 b6 14. b4 Qb8 15. Bc3 axb4
16. axb4 Qb7 17. Qb2 Bf6 18. Nd2 Bxg2 19. Kxg2 bxc5 20. dxc5 e5 21. Nb3 d4 22.
Bd2 Bg5 23. f4 exf4 24. gxf4 Bf6 25. Nxd4 Nxc5 26. e3 Ne4 27. Qc2 Bxd4 28. Rxa8
Rxa8 29. Qxe4 Bf6 30. Rc1 Ra2 31. Qe8+ Kh7 32. Qe4+ g6 33. Rc2 Rxc2 34. Qxc2 c5+
35. Kf2 cxb4 36. Qb3 Bh4+ 37. Kg1 Kg8 38. Bxb4 Qf3 39. h3 Bf2+ 0-1

[Event "Titled Tue 17th Jun Early"]
[Site "chess.com INT"]
[Date "2025.06.17"]
[Round "8"]
[White "Duarte Cramer, Lily Jeanette"]
[Black "Troltenier, Dirk"]
[Result "0-1"]
[WhiteTitle "WCM"]
[BlackTitle "FM"]
[WhiteElo "1828"]
[BlackElo "2174"]
[WhiteFideId "29620180"]
[BlackFideId "4606400"]
[EventDate "2025.06.17"]

1. d4 d5 2. c4 dxc4 3. e3 e5 4. Bxc4 exd4 5. exd4 Nf6 6. Nf3 Bd6 7. O-O O-O 8.
Nc3 Bg4 9. h3 Bh5 10. Be3 Nc6 11. Be2 Re8 12. d5 Nb4 13. a3 Nbxd5 14. Nxd5 Nxd5
15. Bd4 Nf4 16. Bc4 Qd7 17. Re1 Rxe1+ 18. Qxe1 Bxf3 19. gxf3 Qxh3 20. Qf1 Qxf3
21. Re1 Nh3+ 22. Qxh3 Qxh3 23. Re4 Qh2+ 24. Kf1 Qh1+ 25. Ke2 Qxe4+ 26. Be3 Qxc4+
27. Ke1 Re8 28. b3 Qd3 29. a4 Bb4# 0-1

[Event "Titled Tue 17th Jun Early"]
[Site "chess.com INT"]
[Date "2025.06.17"]
[Round "8"]
[White "Nazin, Roman"]
[Black "Arabidze, Meri"]
[Result "0-1"]
[WhiteTitle "CM"]
[BlackTitle "IM"]
[WhiteElo "2250"]
[BlackElo "2440"]
[WhiteFideId "4137167"]
[BlackFideId "13604040"]
[EventDate "2025.06.17"]

1. d4 Nf6 2. Nf3 e6 3. c4 Bb4+ 4. Bd2 Qe7 5. g3 Nc6 6. Bg2 Bxd2+ 7. Nbxd2 d6 8.
e4 e5 9. d5 Nb8 10. O-O a5 11. Ne1 O-O 12. Nd3 Na6 13. b3 Bg4 14. f3 Bd7 15. a3
c6 16. Qe2 Rfc8 17. Qe3 Qd8 18. b4 cxd5 19. exd5 b5 20. c5 Nxd5 21. Qf2 Bf5 22.
Ne4 Bxe4 23. fxe4 Nf6 24. Rfd1 dxc5 25. Nxc5 Qb6 26. bxa5 Qxc5 0-1

[Event "Titled Tue 17th Jun Early"]
[Site "chess.com INT"]
[Date "2025.06.17"]
[Round "8"]
[White "Guerrero Cataldo, Juan Andres"]
[Black "Weigand, Anton"]
[Result "0-1"]
[WhiteTitle "CM"]
[BlackTitle "CM"]
[WhiteElo "2082"]
[BlackElo "2197"]
[WhiteFideId "3421260"]
[BlackFideId "16221915"]
[EventDate "2025.06.17"]

1. e4 c5 2. Nf3 e6 3. a4 Nc6 4. Bb5 Nf6 5. Nc3 Nd4 6. Bc4 Be7 7. e5 Ng8 8. Nxd4
cxd4 9. Qg4 g6 10. Qxd4 Nh6 11. d3 Nf5 12. Qf4 O-O 13. g3 b6 14. h4 Bb7 15. Rg1
d6 16. h5 dxe5 17. Qxe5 Bf6 18. Qf4 Nd4 19. Ne4 Bxe4 20. Qxe4 Nxc2+ 21. Kd1 Nxa1
22. hxg6 hxg6 23. Rh1 Qd4 24. Qxd4 Bxd4 25. Bh6 Bg7 26. Be3 Bxb2 27. Kd2 Rac8 0-1

[Event "Titled Tue 17th Jun Early"]
[Site "chess.com INT"]
[Date "2025.06.17"]
[Round "8"]
[White "Aakash Sharadchandra, Dalvi"]
[Black "Vaganian, Rafael A"]
[Result "0-1"]
[WhiteTitle "FM"]
[BlackTitle "GM"]
[WhiteElo "2396"]
[BlackElo "2449"]
[WhiteFideId "25033220"]
[BlackFideId "13300016"]
[EventDate "2025.06.17"]

1. d4 e6 2. c4 d5 3. Nc3 Be7 4. Nf3 Nf6 5. Bg5 h6 6. Bh4 O-O 7. e3 b6 8. Be2 Bb7
9. O-O Nbd7 10. Rc1 c5 11. cxd5 Nxd5 12. Bxe7 Qxe7 13. Qa4 cxd4 14. Nxd4 Nc5 15.
Qa3 Rfd8 16. Rfd1 Qg5 17. Bf3 Nxe3 18. h4 Qe5 19. Bxb7 Nxd1 20. Nf3 Qf4 21. Bxa8
Qxc1 0-1

[Event "Titled Tue 17th Jun Early"]
[Site "chess.com INT"]
[Date "2025.06.17"]
[Round "8"]
[White "Nagare Kaivalya Sandip"]
[Black "Gilfanov, Marat I"]
[Result "1-0"]
[WhiteTitle "FM"]
[BlackTitle "FM"]
[WhiteElo "2321"]
[BlackElo "2343"]
[WhiteFideId "25957929"]
[BlackFideId "34372164"]
[EventDate "2025.06.17"]

1. e4 c6 2. d4 d5 3. e5 Bf5 4. h4 h5 5. c4 e6 6. Nc3 Bb4 7. cxd5 cxd5 8. Bd3 Ne7
9. Bg5 Bxc3+ 10. bxc3 Bxd3 11. Qxd3 Nbc6 12. Ne2 Qa5 13. O-O Nf5 14. Nf4 Qa6 15.
Qf3 g6 16. Bf6 Rg8 17. a4 Kd7 18. Rab1 b6 19. Nxd5 Qxa4 20. Nf4 Qc4 21. d5 exd5
22. Nxd5 Rae8 23. Rfd1 Kc8 24. Rxb6 Qc5 25. Rb3 Nxe5 26. Bxe5 Rxe5 27. Nf4 Qc7
28. Qa8+ 1-0

[Event "Titled Tue 17th Jun Early"]
[Site "chess.com INT"]
[Date "2025.06.17"]
[Round "8"]
[White "Leiva, Gianmarco"]
[Black "Sanhueza, Cristian"]
[Result "0-1"]
[WhiteTitle "IM"]
[BlackTitle "FM"]
[WhiteElo "2387"]
[BlackElo "2213"]
[WhiteFideId "3804399"]
[BlackFideId "116815"]
[EventDate "2025.06.17"]

1. e4 e5 2. Nf3 Nc6 3. Bb5 a6 4. Ba4 Nf6 5. O-O Nxe4 6. d4 exd4 7. Nxd4 Bd6 8.
Qg4 Nxd4 9. Qxe4+ Ne6 10. c3 O-O 11. Bc2 g6 12. Nd2 Re8 13. Nf3 Nf4 14. Qc4 b5
15. Qb3 Ne2+ 16. Kh1 Bb7 17. Ng5 Qf6 18. Be3 h6 19. Rae1 Nf4 20. Nf3 Nxg2 0-1

[Event "Titled Tue 17th Jun Early"]
[Site "chess.com INT"]
[Date "2025.06.17"]
[Round "8"]
[White "Yanev, Tihomir"]
[Black "Tang, Dylan"]
[Result "1-0"]
[WhiteTitle "IM"]
[BlackTitle "FM"]
[WhiteElo "2354"]
[BlackElo "2236"]
[WhiteFideId "2910110"]
[BlackFideId "30972531"]
[EventDate "2025.06.17"]

1. d4 Nf6 2. Nf3 d5 3. g3 e6 4. Bg2 Be7 5. O-O O-O 6. b3 c5 7. Bb2 Nc6 8. e3 b6
9. c4 Ba6 10. Nbd2 Rc8 11. Rc1 cxd4 12. Nxd4 Nxd4 13. Bxd4 dxc4 14. Nxc4 Bxc4
15. bxc4 Bc5 16. Qd2 Qe7 17. Qc3 Nd7 18. Bxg7 Bb4 19. Qa1 Rfd8 20. Bb2 Ba3 21.
Rfd1 Bxb2 22. Qxb2 Nc5 23. Rd4 Rxd4 24. Qxd4 Rd8 25. Qg4+ Kh8 26. Rd1 Rxd1+ 27.
Qxd1 Qf6 28. Qd4 Kg7 29. f4 Qxd4 30. exd4 Na4 31. d5 exd5 32. cxd5 Kf8 33. Kf2
Nc3 34. a3 Ke7 35. Ke3 Nb5 36. a4 Nc3 37. Be4 h6 38. Bc2 Nxd5+ 39. Kd4 Kd6 40.
Bb3 Nb4 41. Bxf7 Nc6+ 42. Ke4 Nb8 43. h4 Nd7 44. g4 Nc5+ 45. Kf5 Nxa4 46. g5
hxg5 47. fxg5 Ke7 48. g6 Kf8 49. Kf6 1-0

[Event "Titled Tue 17th Jun Early"]
[Site "chess.com INT"]
[Date "2025.06.17"]
[Round "8"]
[White "So, Wesley"]
[Black "Materia, Marco"]
[Result "1-0"]
[WhiteTitle "GM"]
[BlackTitle "IM"]
[WhiteElo "2745"]
[BlackElo "2489"]
[WhiteFideId "5202213"]
[BlackFideId "45150451"]
[EventDate "2025.06.17"]

1. b3 d5 2. Bb2 Nf6 3. Nf3 Bf5 4. Nh4 Bd7 5. g3 c5 6. Bg2 e6 7. c4 Nc6 8. cxd5
exd5 9. O-O Be7 10. Nf3 O-O 11. d4 Re8 12. Nc3 Bg4 13. dxc5 Bxc5 14. h3 Bxf3 15.
Bxf3 Qd6 16. Kg2 Rad8 17. Nb5 Qe7 18. Bxf6 Qxf6 19. Nc7 Re5 20. Nxd5 Qe6 21. e4
Rxe4 22. Qc2 Re5 23. Qxc5 Rexd5 24. Bxd5 Rxd5 25. Qc4 Ne5 26. Qe2 Qc6 27. f3 Rc5
28. Rad1 g5 29. b4 Rb5 30. a4 a5 31. axb5 1-0

[Event "Titled Tue 17th Jun Early"]
[Site "chess.com INT"]
[Date "2025.06.17"]
[Round "8"]
[White "Burmakin, Evgeniy"]
[Black "Bulgak, Damir"]
[Result "0-1"]
[WhiteTitle "FM"]
[BlackTitle "CM"]
[WhiteElo "2110"]
[BlackElo "2213"]
[WhiteFideId "4163729"]
[BlackFideId "13528882"]
[EventDate "2025.06.17"]

1. e4 c5 2. Nf3 Nc6 3. Bb5 Nf6 4. e5 Nd5 5. Nc3 Nc7 6. Bxc6 dxc6 7. h3 Bf5 8.
O-O e6 9. d3 Be7 10. Re1 h6 11. Bf4 Nd5 12. Bg3 Nxc3 13. bxc3 O-O 14. Rb1 b5 15.
Qd2 Qd5 16. a3 Rad8 17. Qe3 c4 18. Qxa7 Bc5 19. Qc7 cxd3 20. cxd3 Rc8 21. Qb7
Rb8 22. c4 Qxd3 23. Qxc6 Rfc8 24. Qa6 bxc4 25. Rxb8 Rxb8 26. a4 c3 27. Qc6 Qc4
28. Qd7 c2 29. Rc1 Rb1 30. Qd2 Rxc1+ 31. Qxc1 Ba3 0-1

[Event "Titled Tue 17th Jun Early"]
[Site "chess.com INT"]
[Date "2025.06.17"]
[Round "8"]
[White "Jakovljevic, Dejan"]
[Black "Gardezi, Arsal"]
[Result "0-1"]
[WhiteTitle "CM"]
[WhiteElo "1956"]
[BlackElo "2048"]
[WhiteFideId "949418"]
[BlackFideId "30949521"]
[EventDate "2025.06.17"]

1. e4 c5 2. c3 d5 3. exd5 Qxd5 4. Nf3 Nf6 5. Na3 Bg4 6. Be2 Nc6 7. Qa4 e5 8. Nc4
Rb8 9. Ne3 Qd7 10. h3 Bh5 11. g4 Bg6 12. Bb5 Be4 13. Nxe5 Qc7 14. O-O Qxe5 15.
d3 Bf3 16. d4 cxd4 17. cxd4 Qc7 18. Nf5 Bd6 19. Re1+ Kf8 20. Bd2 a6 21. Be2 Be4
22. Nxd6 Qxd6 0-1

[Event "Titled Tue 17th Jun Early"]
[Site "chess.com INT"]
[Date "2025.06.17"]
[Round "8"]
[White "Shimanov, Aleksandr"]
[Black "Pranesh, M"]
[Result "0-1"]
[WhiteTitle "GM"]
[BlackTitle "GM"]
[WhiteElo "2578"]
[BlackElo "2580"]
[WhiteFideId "4198603"]
[BlackFideId "35028600"]
[EventDate "2025.06.17"]

1. e4 Nc6 2. Nf3 e5 3. Nc3 Nf6 4. h3 Bb4 5. Nd5 O-O 6. c3 Bd6 7. Nxf6+ Qxf6 8.
Bc4 Qg6 9. d3 Be7 10. g4 d6 11. Qe2 Be6 12. Bd2 a6 13. a4 Na5 14. Rg1 Nxc4 15.
dxc4 b5 16. cxb5 axb5 17. a5 Bc4 18. Qe3 Qe6 19. b4 c5 20. Ng5 Qd7 21. O-O-O f6
22. Nf3 d5 23. exd5 cxb4 24. cxb4 Rfc8 25. Kb2 Bxd5 26. Nh4 Bf7 27. Bc3 Qe6 0-1

[Event "Titled Tue 17th Jun Early"]
[Site "chess.com INT"]
[Date "2025.06.17"]
[Round "8"]
[White "Lopez Del Alamo, Antonio"]
[Black "Parfenov, Viktor N."]
[Result "0-1"]
[WhiteTitle "FM"]
[BlackTitle "CM"]
[WhiteElo "2166"]
[BlackElo "2193"]
[WhiteFideId "2227339"]
[BlackFideId "4165969"]
[EventDate "2025.06.17"]

1. e4 e5 2. Bc4 Nf6 3. d3 c6 4. Nf3 d5 5. Bb3 a5 6. a4 Bb4+ 7. Bd2 Bxd2+ 8.
Nbxd2 O-O 9. O-O Re8 10. c3 Nbd7 11. exd5 cxd5 12. d4 e4 13. Ne1 Nf8 14. Nc2 Ng6
15. Ne3 h5 16. c4 dxc4 17. Ndxc4 h4 18. Ne5 Nxe5 19. dxe5 Qxd1 20. Rfxd1 Rxe5
21. Rd8+ Re8 22. Rxe8+ Nxe8 23. Rd1 Kf8 24. Nd5 Be6 25. Re1 Rd8 26. Rxe4 Bxd5
27. Rd4 Nf6 0-1

[Event "Titled Tue 17th Jun Early"]
[Site "chess.com INT"]
[Date "2025.06.17"]
[Round "8"]
[White "Berikkyzy Alanna"]
[Black "Palomo, Franklin Annervys"]
[Result "0-1"]
[WhiteTitle "WFM"]
[BlackTitle "FM"]
[WhiteElo "2080"]
[BlackElo "2243"]
[WhiteFideId "13780719"]
[BlackFideId "3906965"]
[EventDate "2025.06.17"]

1. e4 c5 2. Nf3 e6 3. d4 cxd4 4. Nxd4 a6 5. c4 Qc7 6. Nc3 b6 7. Be3 Bb7 8. Be2
Nf6 9. f3 Nc6 10. O-O Bd6 11. h3 Bh2+ 12. Kh1 Nh5 13. f4 Nxf4 14. Bxf4 Bxf4 15.
Nxc6 dxc6 16. Qd3 O-O 17. Qf3 e5 18. Rad1 Rad8 19. Bd3 Bc8 20. Ne2 Bh6 21. Ng3
g6 22. b3 Be6 23. a4 Rd4 24. Ne2 Rd7 25. h4 Rfd8 26. h5 Qd6 27. hxg6 hxg6 28.
Ng3 Qe7 29. Kg1 Qc5+ 30. Kh1 Bg5 31. Be2 Kg7 32. Nh5+ gxh5 33. Rxd7 Rxd7 34.
Qxh5 Qe3 35. Bg4 Bxg4 36. Qxg4 Re7 37. Rf3 Qe1+ 38. Kh2 Qh4+ 39. Qxh4 Bxh4 40.
g3 Bg5 41. Rd3 Kf6 42. Kg2 Ke6 43. Kf3 Rd7 44. Rc3 Rd2 45. Kg4 Be7 46. Rf3 Re2
47. Kh5 Rxe4 48. g4 Rf4 49. Re3 Rf2 50. Kh6 Bf6 51. Rh3 Rg2 52. Kh5 e4 53. g5
Rxg5+ 54. Kh6 Rg8 0-1

[Event "Titled Tue 17th Jun Early"]
[Site "chess.com INT"]
[Date "2025.06.17"]
[Round "8"]
[White "Bratovic, Blaz"]
[Black "Mai, Alexander Oliver"]
[Result "1-0"]
[WhiteTitle "IM"]
[BlackTitle "CM"]
[WhiteElo "2319"]
[BlackElo "2171"]
[WhiteFideId "14603551"]
[BlackFideId "2313391"]
[EventDate "2025.06.17"]

1. e4 c5 2. Nf3 d6 3. d4 cxd4 4. Nxd4 Nf6 5. Nc3 Nc6 6. Bg5 e6 7. Qd2 a6 8.
O-O-O Bd7 9. f3 Nxd4 10. Qxd4 Be7 11. h4 Qc7 12. Be3 b5 13. g4 O-O 14. h5 Rfc8
15. Qd2 b4 16. Ne2 h6 17. Nd4 a5 18. Bd3 a4 19. Kb1 a3 20. b3 Rab8 21. Rdg1 Nh7
22. f4 Bf6 23. g5 hxg5 24. fxg5 Be5 25. g6 fxg6 26. h6 Qc5 27. Bc4 d5 28. exd5
exd5 29. Ne6 Qe7 30. Qxd5 Rxc4 31. Nxg7+ Kh8 32. Qxc4 Bf6 33. Bd4 Rf8 34. Rf1
Be8 35. Nxe8 Qxe8 36. Qxb4 Qe2 37. Qc3 1-0

[Event "Titled Tue 17th Jun Early"]
[Site "chess.com INT"]
[Date "2025.06.17"]
[Round "8"]
[White "Mullodzhanov, Nathaniel"]
[Black "Salinas Herrera, Pablo"]
[Result "1-0"]
[BlackTitle "GM"]
[WhiteElo "1927"]
[BlackElo "2447"]
[WhiteFideId "30961580"]
[BlackFideId "3407128"]
[EventDate "2025.06.17"]

1. e4 c5 2. Nf3 e6 3. d4 cxd4 4. Nxd4 a6 5. Nc3 Qc7 6. Be2 Nf6 7. O-O d6 8. Bg5
Nbd7 9. a4 b6 10. f4 Bb7 11. Bf3 h6 12. Bh4 Be7 13. Kh1 Rc8 14. Qe1 g5 15. fxg5
hxg5 16. Bxg5 Ne5 17. Rd1 Nfg4 18. Bf4 Qc5 19. Qe2 Nxf3 20. Nxf3 Qc4 21. Rd3 Qb4
22. b3 Rxc3 23. Qd2 Qxe4 24. Rxc3 e5 25. Bg3 f5 26. Re1 1-0

[Event "Titled Tue 17th Jun Early"]
[Site "chess.com INT"]
[Date "2025.06.17"]
[Round "8"]
[White "Kovalenko, Igor"]
[Black "Kozak, Antoni"]
[Result "1-0"]
[WhiteTitle "GM"]
[WhiteElo "2676"]
[BlackElo "2426"]
[WhiteFideId "14117908"]
[BlackFideId "21832030"]
[EventDate "2025.06.17"]

1. d4 Nf6 2. Nf3 b6 3. e3 Bb7 4. Bd3 g6 5. O-O Bg7 6. c4 O-O 7. Nc3 d5 8. cxd5
Nxd5 9. e4 Nb4 10. Bc4 c5 11. d5 Nd7 12. a3 Na6 13. Bf4 Nc7 14. Qe2 Nf6 15. h3
a6 16. a4 Re8 17. Rfd1 Qc8 18. e5 Nh5 19. Bh2 Bh6 20. Qe4 e6 21. dxe6 Bxe4 22.
exf7+ Kh8 23. fxe8=Q+ Nxe8 24. Nxe4 Bf4 25. Nfg5 Bxh2+ 26. Kxh2 Qf5 27. e6 h6
28. Rd5 Qf8 29. Nf7+ Kg7 30. Rad1 Nef6 31. Rd7 Nxe4 32. Ng5+ Kf6 33. Nh7+ Ke5
34. R1d5+ 1-0

[Event "Titled Tue 17th Jun Early"]
[Site "chess.com INT"]
[Date "2025.06.17"]
[Round "8"]
[White "Bacus, Dharim"]
[Black "Panda, Sambit"]
[Result "0-1"]
[WhiteTitle "FM"]
[BlackTitle "IM"]
[WhiteElo "2131"]
[BlackElo "2379"]
[WhiteFideId "5201527"]
[BlackFideId "25091794"]
[EventDate "2025.06.17"]

1. e4 c6 2. d4 d5 3. Nd2 dxe4 4. Nxe4 Nf6 5. Nxf6+ exf6 6. c3 Bd6 7. Bd3 O-O 8.
Qc2 Re8+ 9. Ne2 h5 10. O-O h4 11. h3 Nd7 12. Be3 Nf8 13. c4 Be6 14. Nc3 Rc8 15.
Rfd1 Bb8 16. Ne2 g5 17. Qd2 Ng6 18. Bxg6 fxg6 19. f4 g4 20. hxg4 Bxg4 21. Re1
Qe7 22. Nc3 Qd7 23. d5 c5 24. Qf2 Kg7 25. Bxc5 h3 26. gxh3 Bxh3 27. Ne4 Qg4+ 28.
Qg3 Qxg3+ 29. Nxg3 Rxe1+ 30. Rxe1 Rxc5 31. Re7+ Kh6 32. Rxb7 Bxf4 33. Ne2 Be3+
34. Kh2 Bg4 35. Re7 Bxe2 36. Rxe3 Bxc4 37. Rc3 Rxd5 38. Rxc4 Rd2+ 39. Kg3 Rxb2
40. Ra4 Rb7 41. Ra6 Kg5 0-1

[Event "Titled Tue 17th Jun Early"]
[Site "chess.com INT"]
[Date "2025.06.17"]
[Round "8"]
[White "Figuero Toro, Julian Francisco"]
[Black "Oppezzo, Sebastian"]
[Result "1-0"]
[WhiteTitle "FM"]
[WhiteElo "2182"]
[BlackElo "2177"]
[WhiteFideId "2210347"]
[BlackFideId "112321"]
[EventDate "2025.06.17"]

1. Nf3 g6 2. e4 Bg7 3. d4 d6 4. h3 Nf6 5. Nc3 c6 6. a4 Nbd7 7. Be3 O-O 8. Be2 e5
9. dxe5 dxe5 10. Nd2 Re8 11. Nc4 Nb6 12. Qxd8 Rxd8 13. Nxe5 Nxe4 14. Nxe4 Bxe5
15. c3 Nd5 16. Bg5 f6 17. Bh6 Bf5 18. Nc5 b6 19. Nb3 c5 20. O-O-O Be6 21. Bc4
Kf7 22. Rhe1 Nf4 23. Bxe6+ Nxe6 24. Nd2 g5 25. Nf3 Bf4+ 26. Kc2 Rxd1 27. Kxd1
Rd8+ 28. Kc2 Nc7 29. g3 Bd6 30. h4 Ne6 31. hxg5 fxg5 32. Nxg5+ Nxg5 33. Bxg5 Rd7
34. Rd1 Kg6 35. Bf4 1-0

[Event "Titled Tue 17th Jun Early"]
[Site "chess.com INT"]
[Date "2025.06.17"]
[Round "8"]
[White "Linares Orellana, Hector Jose"]
[Black "Terkiewicz, Bruno"]
[Result "0-1"]
[WhiteTitle "FM"]
[BlackTitle "CM"]
[WhiteElo "2111"]
[BlackElo "2183"]
[WhiteFideId "7304307"]
[BlackFideId "21093245"]
[EventDate "2025.06.17"]

1. d4 Nf6 2. c4 e6 3. Nc3 Bb4 4. e3 O-O 5. Nf3 b6 6. a3 Bxc3+ 7. bxc3 c5 8. Nd2
Nc6 9. Bd3 e5 10. d5 Na5 11. e4 Ba6 12. O-O Ne8 13. Qe2 Nd6 14. Rb1 Qe7 15. Bb2
Rae8 16. Rbe1 g6 17. f4 f5 18. exf5 e4 19. Nxe4 Nxe4 20. Qxe4 Qxe4 21. Rxe4 Rxe4
22. Bxe4 gxf5 23. Bd3 Bxc4 24. Bxc4 Nxc4 25. Bc1 Re8 26. Kf2 Kf7 27. h3 h5 28.
Kf3 b5 29. Rd1 h4 30. d6 Rg8 31. Kf2 Ke6 32. Rd3 Nxd6 33. Be3 Ne4+ 34. Kf1 d5 0-1